| 000 | 00562nam a22001817a 4500 | ||
|---|---|---|---|
| 090 | _c10480 | ||
| 008 | 090128t1999 xxu||||| |||| 00| 0 eng d | ||
| 020 | _a0070069395 | ||
| 050 | _a99019647 | ||
| 082 |
_222 _a690.24 _bBIA |
||
| 245 |
_aRoom Additions / _cPaul Bianchina |
||
| 260 |
_aNew York : _bMcGraw Hill, _cc1999. |
||
| 300 |
_axxii, 403 p. : _bill. ; _c24 cm |
||
| 490 | _a McGraw-Hill's complete construction series | ||
| 490 | _aDodge cost guides ++ series | ||
| 504 | _aIncludes bibliographical references (p. 395) and index | ||
| 942 |
_2ddc _cBB |
||
| 999 |
_c10480 _d10480 |
||